Advances in pest control research. V 08 (Record no. 21286)

MARC details
000 -LEADER
fixed length control field 00287nam a2200109Ia 4500
082 ## - DEWEY DECIMAL CLASSIFICATION NUMBER
Classification number 632.9:001.814
Item number ADV.8
245 #0 - TITLE STATEMENT
Title Advances in pest control research. V 08
260 ## - PUBLICATION, DISTRIBUTION, ETC. (IMPRINT)
Place of publication New York
Name of publisher Wiley
Year of publication 1968
650 ## - SUBJECT ADDED ENTRY--TOPICAL TERM
Topical Term Pest control
942 ## - ADDED ENTRY ELEMENTS (KOHA)
Koha item type Books
Holdings
Withdrawn status Lost status Damaged status Not for loan Home library Current library Date acquired Full call number Accession Number Koha item type
        RRII Library RRII Library 16/12/2021 632.9:001.814 ADV.8 02005 Books